Código de medio ambiente. Citas de jurisprudencia. Anotaciones y concordancias. Índice temático.

Sparad:
Bibliografiska uppgifter
Institutionell upphovsman: Chile
Övriga upphovsmän: Bermúdez Soto, Jorge
Materialtyp: Bok
Språk:spanska
Publicerad: Santiago, Chile: Legal Publishing, 2008
Ämnen:
Taggar: Lägg till en tagg
Inga taggar, Lägg till första taggen!

MARC

LEADER 00000nam a2200000 a 4500
001 UCI8227
003 CL-VaPUC
005 20250130145745.0
008 080813e20080000CL |||||||||||||||||spa|d
999 |c 331245  |d 331243 
020 |a 9789562386913 
040 |c Pontificia Universidad Católica de Valparaíso 
082 0 4 |a 344.83046 CHI 2008  |2 21 
110 1 |a Chile  |9 890760 
245 1 0 |a Código de medio ambiente.  |b Citas de jurisprudencia. Anotaciones y concordancias. Índice temático. 
260 |a Santiago, Chile:  |b Legal Publishing,  |c 2008 
300 |a 796 páginas 
505 |a Normas actualizadas al 01 de julio de 2008. -Prefacio -Libro I. Derecho Constitucional Ambiental. -Libro II. Derecho Administrativo Ambiental. -Libro III. Derecho Ambiental Especial: -Título I. Protección de la Diversidad Biológica, Áreas Protegidas y Seres Vivos. -Título II. Atmósfera. -Título III. Suelo. -Título IV. Aguas Terrestres. -Título V. Aguas Marinas. -Título VI. Reducción, Eliminación y Reciclaje de Residuos. -Título VII. Radiación y Reactores Nucleares. -Título VIII. Energías Renovables. -Título IX. Sustancias Peligrosas. -Título X. Biotecnología. -Título XI. Patrimonio Cultural. -Título XII. Actividades Económicas. -Libro IV. Derecho Civil. Código Civil. Libro Segundo. Título XIV (artículos pertinentes). -Libro V. Derecho Penal. Código Penal. Libro Segundo. Título VI (artículos pertinentes) 
583 |a last modification  |c 20080813 00:00:00  |k Rodrigo Vera 
650 0 |a Protección del medio ambiente  |9 257626 
650 0 |a Derecho ambiental   |9 257835 
650 0 |a Contaminación ambiental  |9 314181 
650 0 |a Protección de los recursos naturales  |9 466704 
650 0 |a Jurisprudencia ambiental   |9 896028 
700 |a Bermúdez Soto, Jorge  |9 896026 
942 |c BK  |2 ddc 
945 |d 20080813 00:00:00  |a jtorresc 
952 |0 0  |1 0  |4 0  |6 344_830460000000000_CHI_2008  |7 0  |8 R  |9 417536  |a BIBDER  |b BIBDER  |d 2019-11-22  |i 4472845  |o 344.83046 CHI 2008  |p 4472845  |r 2023-01-25  |w 2019-11-22  |y BK_R  |k DER 
952 |0 0  |1 0  |4 0  |6 344_830460000000000_CHI_2008  |7 0  |8 R  |9 417537  |a BIBDER  |b BIBDER  |d 2019-11-22  |i 4472853  |o 344.83046 CHI 2008  |p 4472853  |r 2023-01-25  |w 2019-11-22  |y BK_R  |k DER